header

Developing evidence-based generalist practice skills (Record no. 29962)

MARC details
000 -LEADER
fixed length control field 01952nam a2200349 a 4500
082 04 - DEWEY DECIMAL CLASSIFICATION NUMBER
Classification number 610.69/5
245 00 - TITLE STATEMENT
Title Developing evidence-based generalist practice skills
260 ## - PUBLICATION, DISTRIBUTION, ETC. (IMPRINT)
Place of publication Hoboken, N.J. :
Name of publisher John Wiley & Sons, Inc.,
Year of publication 2013.
300 ## - PHYSICAL DESCRIPTION
Number of Pages xviii, 238 p. :
Other physical details ill.
505 0# - FORMATTED CONTENTS NOTE
Formatted contents note Evidence-informed practice / Eileen Gambrill -- Trauma-informed practice / Nancy J. Smyth & Laura Greyber -- Interviewing skills / Francis J. Turner -- Problem identification, contracting, and case planning / Sophia F. Dziegielewski -- Case management / Valerie Holton and Joseph Walsh -- Advocacy / Malabika Misty Das, Cheryl Hiu-Kwan Chui, and Cecilia Lai-Wan Chan -- Crisis intervention / Kenneth R. Yeager, Albert R. Roberts, and Wendy Grainger -- Practice evaluation / Bruce A. Thyer -- Termination, stabilization, and continuity of care / Samuel A. MacMaster and Sara Sanders.
650 #0 - SUBJECT ADDED ENTRY--TOPICAL TERM
Topical Term Evidence-based medicine.
Topical Term Physicians (General practice)
700 1# - ADDED ENTRY--PERSONAL NAME
Personal name Thyer, Bruce A.
Personal name Dulmus, Catherine N.
Personal name Sowers, Karen M.
856 40 - ELECTRONIC LOCATION AND ACCESS
Uniform Resource Identifier http://site.ebrary.com/lib/rucke/Doc?id=10645196

No items available.

© 2026 Rongo University
Contact us: librarian | system librarian | Rongo university